000 00318nam a22001337a 4500
008 170221b xxu||||| |||| 00| 0 eng d
020 _a9780815136309
041 _aeng
080 _24TH
_a615
100 _a5
101 _aSHF
245 _aAPPLIED PHARMACOLOGY FOR THE DENTAL HYGIENIST
_c CLARK, B.R
942 _2udc
_cBK
999 _c5955
_d5955